LEADER 01100nam a2200253 i 4500 001 000000138339 003 CaOOAMICUS 005 20050502000000.0 008 050502s1979 it u000 u ita u 013 $a112234 040 $aSeMil$bita 100 1 $aDei, Adele,$d<1947- >.$0(OLS)http://semarc/name/56035 245 13$aLa speranza è nell'opera :$bsaggio sulle poesie di Cardarelli /$cAdele Dei. 260 $aMilano :$bVita e Pensiero,$ccopyr. 1979. 300 $a191 p. ;$c20 cm. 490 0 $aLetteratura e cultura dell'Italia unita ;$v10 500 $aContiene : Appendice. 600 14$aCardarelli, Vincenzo <1887-1959>.$0(OLS)http://semarc/subject/15604 830 0$aLetteratura e cultura dell'Italia unita ;$v10.$0(OLS)http://semarc/title/7012 850 $aSeMil 852 $aSeMil$W1$xVenegono$y1$m1C I 47$j91829$B91829$CSeMilBibl$Z2$F96858 $81 961 $aOmaggio: Poma mons. Gianfranco 996 $6245$aLa speranza è nell'opera :$bsaggio sulle poesie di Cardarelli$9(OLS)http://semarc/title/202242 996 $6260$aMilano :$bVita e Pensiero$9(OLS)http://semarc/publisher/29642 LEADER 00996nam a2200241 i 4500 001 000000222350 003 CaOOAMICUS 005 20130911000000.0 008 130911s1981 it u000 u ita u 013 $a201247 040 $aSeMil$bita 100 1 $aCordié, Carlo,$d<1910-2002>.$0(OLS)http://semarc/name/90408 245 13$aIl Castello di Fontainebleau /$cCarlo Cordié. 260 $aNovara :$bIstituto Geografico De Agostini,$ccopyr. 1981. 300 $a74 p. :$briccamente ill. ;$c25 cm. 490 0 $aDocumenti d'arte ;$v. 650 4$aFontainebleau - Castello.$0(OLS)http://semarc/subject/40762 830 0$aDocumenti d'arte ;$v.$0(OLS)http://semarc/title/16086 850 $aSeMil 852 $aSeMil$W1$xVenegono$y1$m5P VI 34$j172696$B172696$CSeMilBibl$Z2$F183047 $81 961 $aOmaggio: Altro 996 $6245$aIl Castello di Fontainebleau$9(OLS)http://semarc/title/318672 996 $6260$aNovara :$bIstituto Geografico De Agostini$9(OLS)http://semarc/publisher/31865